000 00804nam a2200241 i 4500
001 25340
003 ES-MaACL
005 20250815103020.0
007 t|
008 021224s1986 sp ||||1| spa d
245 0 0 _aArmas nucleares /
_cselección e introducción de Francisco López de Sepúlveda y Tomás.
250 _a[1ª ed].
260 _aBarcelona :
_bPrensa Científica,
_c1986.
300 _a270 p. :
_bil. ;
_c29 cm.
490 1 _aLibros de Investigación y ciencia
504 _aBibliografía: p. [264]-266.
650 0 4 _aArmas nucleares.
_99970
650 0 4 _aDesarme.
_911786
700 1 _aLópez de Sepúlveda y Tomás, Francisco.
_973591
830 0 0 _aLibros de investigación y ciencia
_9181956
852 _aES-MaACL
_jL-11210
_bR.113107
999 _c25340
_d25340